000
00306nam a2200133Ia 4500
999
_c
9790
_d
9790
003
OSt
005
20220302174339.0
008
220112s9999||||xx |||||||||||||| ||und||
020
_a
9780582229686
082
_a
696
_b
HAL
100
_a
Hall, F. (Fred)
245
0
_a
Building services and equipment
942
_2
ddc